ポケモンのなまえ(第1世代) - Statistics

General Stats
  • This quiz has been taken 676 times
  • The average score is 91 of 151
Answer Stats
Answer % Correct
フシギダネ
95%
リザード
95%
リザードン
95%
ゼニガメ
95%
フシギバナ
94%
フシギソウ
93%
ヒトカゲ
93%
カメックス
93%
ピカチュウ
93%
カメール
87%
ライチュウ
87%
ミュウ
86%
サンダー
85%
ピジョン
83%
ミュウツー
83%
キャタピー
82%
ポッポ
82%
ピジョット
82%
トランセル
81%
バタフリー
81%
ファイヤー
79%
コクーン
78%
スピアー
78%
フリーザー
78%
イーブイ
76%
カイリュー
76%
コイキング
75%
サンダース
75%
クサイハナ
74%
ビードル
73%
コラッタ
73%
ゴース
73%
ゴースト
73%
ギャラドス
73%
シャワーズ
73%
ミニリュウ
73%
ラッタ
72%
ゲンガー
72%
イワーク
72%
ハクリュー
71%
イシツブテ
70%
ブースター
70%
ナゾノクサ
69%
ニャース
69%
ラフレシア
68%
カビゴン
67%
オニドリル
65%
ピッピ
65%
ゴローニャ
65%
オニスズメ
64%
アーボ
64%
プリン
64%
ユンゲラー
64%
ゴローン
64%
アーボック
63%
フーディン
63%
カイリキー
63%
ピクシー
62%
ディグダ
61%
ゴーリキー
61%
スターミー
61%
ペルシアン
60%
ワンリキー
60%
タマタマ
60%
ヒトデマン
60%
ラプラス
60%
ニドキング
59%
ダグトリオ
59%
ケーシィ
59%
ナッシー
59%
ニドラン♀
58%
ニドクイン
58%
ニドラン♂
58%
ウツボット
58%
ギャロップ
58%
コイル
58%
プクリン
57%
ラッキー
57%
マダツボミ
56%
ウツドン
56%
ドガース
56%
マタドガス
56%
プテラ
56%
ニドリーノ
55%
ズバット
55%
コダック
55%
ポニータ
55%
ヤドラン
55%
ベトベター
55%
サンド
54%
ニドリーナ
54%
ヤドン
54%
ベトベトン
54%
マルマイン
54%
エビワラー
54%
サンドパン
53%
ゴルバット
53%
レアコイル
53%
ビリリダマ
53%
サワムラー
53%
ルージュラ
53%
ケンタロス
53%
カブト
53%
キュウコン
52%
ストライク
52%
エレブー
52%
カブトプス
52%
ロコン
51%
モルフォン
51%
ブーバー
51%
コンパン
50%
カイロス
50%
ゴルダック
49%
ジュゴン
49%
サイドン
49%
カラカラ
48%
ガルーラ
48%
トサキント
48%
ガーディ
47%
メノクラゲ
47%
パウワウ
47%
サイホーン
47%
オムナイト
47%
ドードー
46%
ドードリオ
46%
ガラガラ
46%
アズマオウ
45%
メタモン
45%
オムスター
45%
パラセクト
44%
ドククラゲ
44%
バリヤード
44%
パラス
43%
マンキー
43%
オコリザル
43%
ウインディ
43%
スリーパー
43%
ポリゴン
43%
スリープ
42%
ニョロゾ
40%
ニョロボン
40%
タッツー
40%
ニョロモ
39%
シードラ
38%
カモネギ
37%
パルシェン
36%
シェルダー
33%
モンジャラ
32%
クラブ
29%
キングラー
27%
ベロリンガ
25%
No matching quizzes found
Score Distribution
Percent of People with Each Score
Percentile by Number Answered
Your Score History
You have not taken this quiz